Familias de escasos recursos a cargo de mujeres : características sociodemográficas y económicas /

Detalles Bibliográficos
Autor principal: Venegas, Sylvia
Autor Corporativo: Chile Servicio Nacional de la Mujer
Formato: Libro
Lenguaje:español
Publicado: Santiago SERNAM 1998
Colección:Documentos de trabajo 57
Materias:

MARC

LEADER 00000cam a2200000 a 4500
001 013317
003 UAHC_CL
005 20170803121015.0
008 010822s1998 cl 000 spa
040 |a UAHC_CL  |c UAHC_CL  |d UAHC_CL 
082 0 4 |a 301.43  |b V455  |2 20 
100 1 |a Venegas, Sylvia 
245 1 0 |a Familias de escasos recursos a cargo de mujeres :  |b características sociodemográficas y económicas /  |c Sylvia Venegas Leiva. 
260 |b SERNAM  |c 1998  |a Santiago 
300 |a 43 p. 
490 0 |a Documentos de trabajo  |v 57 
650 4 |a FAMILIA  |x ASPECTOS SOCIALES  |z CHILE 
650 4 |a TRABAJADORAS  |z CHILE 
650 4 |a jefes de hogar (mujeres) 
650 4 |a MUJERES POBRES  |z CHILE 
710 1 |a Chile  |b Servicio Nacional de la Mujer 
900 |a 362.82 VEN 
942 |c BK 
952 |0 0  |1 0  |4 0  |6 362_820000000000000_VEN  |7 0  |8 General  |9 26847  |a BC  |b BC  |c General  |d 2017-08-03  |l 0  |o 362.82 VEN  |p 1373459  |r 2023-01-09 00:00:00  |t 2  |w 2017-08-03  |y BK 
999 |c 13317  |d 13317